000 00333nam a22001337a 4500
008 170602b xxu||||| |||| 00| 0 eng d
020 _a9780618280735
041 _aeng
080 _25 ED
_a94
100 _a17
101 _aSHH
245 _aTHE ENDURING VISION A HISTORY OF THE AMERICAN PEOPLE
_cCLARK.B
942 _2udc
_cBK
999 _c15633
_d15633